| 000 | 02255cam a22003618a 4500 | ||
|---|---|---|---|
| 001 | 17086805 | ||
| 005 | 20111221093618.0 | ||
| 008 | 111216s2012 gau 000 0 eng c | ||
| 020 | _a0985271000 | ||
| 020 | _a9780985271008 | ||
| 040 |
_aIEN/DLC _cIEN |
||
| 082 | 0 | 4 |
_a327.730174927 _223 _bPET |
| 100 | 1 |
_aPetras, James F., _d1937- _929806 |
|
| 245 | 1 | 4 |
_aThe Arab Revolt and the Imperialist Counterattack / _cby James Petras. |
| 250 | _a2nd ed. | ||
| 260 |
_aAtlanta, GA : _bClarity Press, _c2012. |
||
| 300 |
_a130 p. ; _c24 cm. |
||
| 504 | _aIncludes bibliographical references and index. | ||
| 505 | 0 | _aWashington faces the Arab revolts: sacrificing dictators to save the state -- Egypt's social movements, the CIA and Mossad -- Roots of the Arab revolts and premature celebrations -- The Euro-US war on Libya: official lies and misconceptions of critics -- Libya and Obama's defense of the "rebel uprising" -- Contextualizing the "Arab spring": networks of empire and realignments of world power -- NATO's war crimes in Libya: who grieves for the fallen heroes? -- The assassination of Osama bin Laden: its uses and abuses -- The assassination of Anwar al-Awlaki by fiat -- The Obama doctrine: making a virtue of necessity -- What future for the Washington-"Moderate Islamist" alliance? -- Appendix: indicators of social well being in pre-invasion Libya. | |
| 651 | 0 |
_aUnited States _xForeign relations _zArab countries. _929807 |
|
| 651 | 0 |
_aArab countries _xForeign relations _zUnited States. _929808 |
|
| 651 | 0 |
_aArab countries _xPolitics and government _y21st century. _929809 |
|
| 651 | 0 |
_aUnited States _xForeign relations _zEgypt. _929810 |
|
| 651 | 0 |
_aEgypt _xForeign relations _zUnited States. _929811 |
|
| 651 | 0 |
_aEgypt _xPolitics and government _y21st century. _929812 |
|
| 651 | 0 |
_aUnited States _xForeign relations _zLibya. _929813 |
|
| 651 | 0 |
_aLibya _xForeign relations _zUnited States. _929814 |
|
| 651 | 0 |
_aLibya _xPolitics and government _y21st century. _929815 |
|
| 653 |
_bPol _bEco _cMay2012 |
||
| 942 |
_2ddc _cBB |
||
| 999 |
_c16707 _d16707 |
||